عرض عادي
عرض مارك
- Kochhar, S. L
مدخل إسم شخص
001 - رقم الضبط
- حقل الضبط: 64898
003 - معرف رقم الضبط
- حقل الضبط: OSt
005 - تاريخ ووقت أخر عملية
- حقل الضبط: 20180921172711.0
008 - عناصر بيانات ثابتة الطول
- حقل تحكم ثابت الطول: 180921|| aca||aabn | a|a d
040 ## - مصدر الفهرسة
- هيئة الفهرسة الأصلية: OSt
- وكالة الكتابة: OSt
100 ## - مدخل -- أسم شخص
- إسم شخص: Kochhar, S. L
670 ## - بيانات المصدر موجوده
- الاستشهاد بالمصدر: Work cat.: (OSt)0: Kochhar, S. L, Economic botany in the tropics /, 2016
